[Event "DEN-ch Seniors"]
[Site "Helsingor"]
[Date "2013.03.29"]
[Round "2"]
[White "Jacobsen, Erik Holm"]
[Black "Jarlnaes, Erik"]
[Result "0-1"]
[WhiteElo "2053"]
[BlackElo "1918"]
[PlyCount "124"]
[EventDate "2013.03.29"]
[EventType "swiss"]
[EventRounds "5"]
[EventCountry "DEN"]
[SourceTitle "EXT 2014"]
[Source "ChessBase"]
[SourceDate "2013.11.20"]
[SourceVersion "1"]
[SourceVersionDate "2013.11.20"]
[SourceQuality "1"]

1. e4 e6 2. d4 d5 3. Nc3 Bb4 4. Bd2 dxe4 5. Qg4 Nf6 6. Qxg7 Rg8 7. Qh6 Qxd4 8. h3 Rg6 9. Qh4 Nc6 10. Nge2 Qe5 11. 0-0-0 Qh5 12. Qxh5 Nxh5 13. Nxe4 Bxd2+ 14. Rxd2 Nf6 15. Nxf6+ Rxf6 16. Nc3 Bd7 17. Bd3 h6 18. Ne4 Rf5 19. g4 Rf4 20. Ng3 0-0-0 21. Nh5 Rd4 22. c3 Rd6 23. Rhd1 Ne5 24. Be2 Bc6 25. Rxd6 Rxd6 26. f4 Rxd1+ 27. Kxd1 Ng6 28. Ke1 Kd8 29. Kf2 Ke7 30. Kg3 f6 31. Bd3 Kf7 32. Bc4 Ke7 33. Ng7 Bd5 34. Bxd5 exd5 35. Nf5+ Ke6 36. Nxh6 Ne7 37. f5+ Ke5 38. h4 c5 39. Nf7+ Ke4 40. Nd6+ Ke3 41. g5 fxg5 42. hxg5 d4 43. f6 Ng6 44. cxd4 cxd4 45. Kg4 d3 46. f7 Ne5+ 47. Kf5 Nxf7 48. Nxf7 d2 49. g6 d1Q 50. g7 Qc2+ 51. Kf6 Qxb2+ 52. Kg6 Qc2+ 53. Kh6 Qc8 54. Kh7 Qf5+ 55. Kg8 b5 56. Kf8 Qc8+ 57. Ke7 Qg8 58. Kf6 b4 59. Nh6 Qxa2 60. Nf7 Qg2 61. Ng5 Qa8 62. Ne6 Qg8 0-1

[Event "DEN-ch Seniors"]
[Site "Helsingor"]
[Date "2013.03.29"]
[Round "3"]
[White "Jarlnaes, Erik"]
[Black "Christiansen, Erling"]
[Result "1-0"]
[WhiteElo "1918"]
[BlackElo "1919"]
[PlyCount "61"]
[EventDate "2013.03.29"]
[EventType "swiss"]
[EventRounds "5"]
[EventCountry "DEN"]
[SourceTitle "EXT 2014"]
[Source "ChessBase"]
[SourceDate "2013.11.20"]
[SourceVersion "1"]
[SourceVersionDate "2013.11.20"]
[SourceQuality "1"]

1. e4 e5 2. Nf3 Nc6 3. Bb5 Nd4 4. Nc3 Nxb5 5. Nxb5 c6 6. Nc3 d6 7. d4 Qc7 8. h3 Be7 9. 0-0 Nf6 10. Bg5 Bd7 11. Bh4 Ng8 12. Qd2 f6 13. Rfd1 0-0-0 14. Qe3 Kb8 15. Bg3 g5 16. Rd3 h5 17. Rad1 h4 18. dxe5 hxg3 19. exd6 gxf2+ 20. Kxf2 Bxd6 21. Rxd6 Rh7 22. Qd4 b6 23. e5 fxe5 24. Nxe5 Rf8+ 25. Kg1 Be8 26. Nd7+ Bxd7 27. Rxd7 Rxd7 28. Qxd7 Rc8 29. Ne4 g4 30. Qxg4 Qe5 31. Qg3 1-0